| 000 | 00664nam a22001937a 4500 | ||
|---|---|---|---|
| 003 | OSt | ||
| 005 | 20260116021210.0 | ||
| 008 | 260116b |||||||| |||| 00| 0 eng d | ||
| 020 | _a0-574-10330-9 | ||
| 040 |
_aDWC-Main lib _cOC |
||
| 082 | _aCirc. 428 Er57 1989 | ||
| 100 | _aEngelmann, S. | ||
| 245 |
_aCorrective reading : _bcomprehension skills : teacher presentation book (comprehension B2) _cEngelmann, Siegfreid |
||
| 260 |
_aNew York : _b McGraw-Hill Companies, _cc1989 |
||
| 300 |
_a139 pages ; _c28 cm. |
||
| 700 | _aOsborn, Steve | ||
| 700 | _aHannes, Susan | ||
| 942 |
_2ddc _cBK-CIRC _hCirc. 428 Er57 1989 _kCirc. _n0 |
||
| 999 |
_c7470 _d7470 |
||